00577nam a2200193Ia 4500003000400000005001700004008004100021020001800062040000700080041000800087082001600095100002300111245003000134260003700164650002300201942001300224999001900237952012700256OSt20260218095620.0250729s2022 xx 000 0 und d a5551234112000 cAL aeng a370.25 MANG aManjunatha9233258 aGender,school and society aMysorebVismaya Prakashanac2022 aPsychology9233259 2ddccBED c240191d240191 00104070aALbALd2025-07-29eManagement Bookl1o370.25 MANGpBED05510r2025-08-30 08:42:47s2025-08-22w2025-07-29yBK